| 000 | 00431 a2200133 4500 | ||
|---|---|---|---|
| 001 | 87691 | ||
| 082 | _aPR 68 | ||
| 090 |
_c41150 _d41150 |
||
| 100 | _aAhmed Sarmad, Plt Off 15674, 71(B) EC | ||
| 245 | _aComputer based learning tool for electric machinery fundamentals | ||
| 260 |
_aRisalpur _bCAE, PAF Academy Risalpur _c2011 |
||
| 300 |
_aviii, 49p. _eM Rashid Mehmood, Sqn Ldr; Manzar Abbas, Flt Lt |
||
| 500 | _aBE Project Reports | ||
| 942 |
_aCAE NUST _kPR 68 |
||
| 999 |
_c322764 _d322764 |
||